LEADER 01350nlm 2200289Ia 450 001 996490872003316 005 20221020103438.0 100 $a19840314d1671---- uy | 101 0 $aeng 102 $aUK 135 $adrcnu 200 1 $a<> younger brother, his apologie, or, A fathers free power disputed for the disposition of his lands or other his fortunes to his sonne, sonnes, or any one of them$eas right reason the lawes of God and nature, the civill, canon, and municipall laws of this Kingdome doe command 210 1 $aOxford$cPrinted by Henry Hall for E. Forrest and T. Gilbert$d1671 215 $aTesto elettronico (PDF) ([4], 37, [1] p.) 230 $aBase dati testuale 300 $aEpistola dedicatoria firmata: J.A 300 $aL'edizione del 1618 (Londra) porta il cognome completo dell'autore ..." Madan, Oxford Books, v. 2, p. 128 300 $aRiproduzione dell'originale nella Harvard University Library 606 0 $aSuccessioni$yInghilterra$2BNCF 676 $a346.42052 700 1$aJ. A$g(John Ap Robert)$01001910 801 0$aIT$bcba$cREICAT 912 $a996490872003316 959 $aEB 969 $aER 996 $aYounger brother, his apologie, or, A fathers free power disputed for the disposition of his lands or other his fortunes to his sonne, sonnes, or any one of them$92920242 997 $aUNISA LEADER 01067nam a22002653i 4500 001 991001419429707536 005 20030122161539.0 008 021230s1973 it |||||||||||||||||ita 035 $ab12144484-39ule_inst 035 $aARCHE-023428$9ExL 040 $aDip.to Filologia Ling. e Lett.$bita$cA.t.i. Arché s.c.r.l. Pandora Sicilia s.r.l. 082 04$a780.92 100 1 $aWagner, Richard$d<1813-1883>$0143293 245 13$aLa mia vita /$cRichard Wagner ; a cura di Massimo Mila 260 $aTorino :$bUTET,$c1973 300 $a2 v. (904 p. compless.) ;$c20 cm 650 4$aWagner, Richard 700 1 $aMila, Massimo 907 $a.b12144484$b02-04-14$c01-04-03 912 $a991001419429707536 945 $aLE008 L.L.I. Mus A VI 36$cV. 1$g1$i2008000467906$lle008$o-$pE0.00$q-$rl$s- $t0$u0$v0$w0$x0$y.i12470831$z01-04-03 945 $aLE008 L.L.I. Mus A VI 36a$cV. 2$g1$i2008000467876$lle008$o-$pE0.00$q-$rl$s- $t0$u0$v0$w0$x0$y.i12470843$z01-04-03 996 $aMia vita$9149150 997 $aUNISALENTO 998 $ale008$b01-04-03$cm$da $e-$fita$git $h3$i2